| 000 | 00568nam a2200193Ia 4500 | ||
|---|---|---|---|
| 005 | 20250508160822.0 | ||
| 008 | 008 250505s9999 xx 000 0 eng d | ||
| 037 | _aTextual | ||
| 040 |
_aFEDL _beng _cFEDL |
||
| 041 |
_aeng _2eng |
||
| 084 |
_a371.26, SIN _qFEDL |
||
| 100 |
_aH S Singha _9769449 |
||
| 245 | 0 | _aModern educational testing | |
| 260 |
_aNew Delhi, India _bSterling Publishers Private Limited _c1974 |
||
| 300 | _a228p. | ||
| 650 | _aEducational - Tests and Measurement | ||
| 942 |
_cTEXL _h371.26, SIN |
||
| 999 |
_c1366791 _d1366791 |
||